Responses for show #8499 - Thursday, October 28, 2021

Tyler Rhode game 2.

Contestants

[<< previous game]

Judi Dimund, a management consultant from Fairfax, Virginia

Peter Stein, a documentary filmmaker from San Francisco, California

Tyler Rhode, a healthcare data specialist from New York, New York (whose 1-day cash winnings total $12,500)

[next game >>]

Jeopardy! Round responses

U.S. GEOGRAPHY
ACTRESS BY ROLES
POTENT ETYMOLOGY
RED
"BEAN"s
ANNE RICE
    $200 25
the Panhandle

Peter
    $200 24
(Mayim: That would be her role in Friends and then Horrible Bosses.)

(Jennifer) Aniston

Judi
    $200 22
Stolichnaya

Peter
    $200 19
the Red Cross

Judi
    $200 20
a string bean

Peter
    $200 23
New Orleans

Judi
    $400 26
American Samoa

Judi
    $400 4
Meryl Streep

Peter
    $400 8
Bushmills

Triple Stumper
    $400 12
"Little Red Corvette"

Tyler
    $400 21
bean bags

Tyler
    $400 27
the mummy

Tyler
    $600 18
New England

Judi
    $600 1
Glenn Close

Triple Stumper
    $600 5
(Tyler: What is Casa Amigos?)
(Judi: What is Casamiga?)
(Peter: What is Casamigo?)

Casamigos

TylerPeterJudi
Triple Stumper
    $600 9
a cockscomb

Tyler
    $600 13
a bean counter

Tyler
    $600 28
a full moon

Peter
    $1,000 16
the Mojave

Peter
    $800 2
Kerry Washington

Tyler
    $800 6
Goldschläger

Tyler
    $800 10
the Red Death

Tyler
    $800 14
a hill of beans

Peter
    $800 29
Sleeping Beauty

Judi
    $1000 17
Columbia

Triple Stumper
    $1000 3
Rashida Jones

Tyler
    $1000 7
(Mayim: Can't believe you didn't get that.)
[Laughter]

Sailor Jerry

Triple Stumper
    $1000 11
a garnet

Triple Stumper
    $1000 15
"Butterbean"

Triple Stumper
    $1000 30
Lestat

Peter

Scores at the first commercial break (after clue 15):

Tyler Peter Judi
$4,400 $600 -$600

Scores at the end of the Jeopardy! Round:

Tyler Peter Judi
$5,200 $3,800 $1,800

Double Jeopardy! Round responses

THE VIKINGS
DOCTOR IS NOT MY FIRST NAME
(Mayim: You will tell us what the first name is.)
AT THE BALLET
"K"-POP
SCIENCE
ONE SYLLABLE OR TWO?
    $400 26
Greenland

Tyler
    $400 8
John

Peter
    $400 24
The Nutcracker

Judi
    $400 12
Kanye

Judi
    $400 1
the mantle

Peter
    $400 7
[NOTE: Peter gave both pronunciations.]

drawer

Peter
    $4,000 27
a saga

Tyler
    $800 9
Victor

Peter
    $800 2
(Mayim: Yes, or "Ro-day-o", if you prefer.)

Rodeo

Peter
    $800 13
The Killers

Tyler
    $800 19
fermentation

Judi
    $800 6
[NOTE: Judi gave both pronunciations.]

rose (rosé)

Judi
    $1200 28
a valkyrie

Tyler
    $1200 10
Stephen

Tyler
    $1200 3
Gene Kelly

Peter
    $1200 14
The Kinks

Tyler
    $2,000 20
(Judi: What are bivalves?)

an exoskeleton

Judi
    $1200 5
forte

Tyler
    $1600 29
berserkers

Tyler
    $1600 11
Henry

Triple Stumper
    $1600 4
a doll

Triple Stumper
    $1600 15
"Kentucky Woman"

Triple Stumper
    $1600 21
Homo habilis

Tyler
    $1600 17
[NOTE: Peter gave both pronunciations.]

learned

Peter
    $2000 30
Alfred the Great

Triple Stumper
    $2000 25
Abraham

Tyler
    $2000 23
Alvin Ailey

Triple Stumper
    $2000 16
Kokomo

Tyler
    $2000 22
an isotherm

Peter
    $2000 18
[NOTE: Judi gave both pronunciations.]

pate (pâté)

Judi

Scores at the end of the Double Jeopardy! Round:

Tyler Peter Judi
$22,400 $11,400 $4,200

[wagering suggestions for these scores]

Final Jeopardy! Round responses

WORLD CITIES
(Mayim: [To Tyler] The capital of Chile is 7,000 miles east of Sydney.)
JudiWhat is Queensland?
$0
PeterWhat is Wellington?
$11,300
TylerWhat it Santiago
$401
Santiago, Chile

Final scores:

Tyler Peter Judi
$22,801 $100 $4,200
2-day champion: $35,301 3rd place: $1,000 2nd place: $2,000

Game dynamics:

Coryat scores:

Tyler Peter Judi
$19,200 $11,200 $6,200
20 R
(including 1 DD),
1 W
16 R
(including 1 DD),
1 W
11 R,
2 W
(including 1 DD)

Combined Coryat: $36,600

The J! Archive is created by fans, for fans. The Jeopardy! game show and all elements thereof, including but not limited to copyright and trademark thereto, are the property of Jeopardy Productions, Inc. and are protected under law. This website is not affiliated with, sponsored by, or operated by Jeopardy Productions, Inc. Join the discussion at JBoard.tv.